000
00252nam a22000857a 4500
008
160716b xxu||||| |||| 00| 0 eng d
100
_9
2933
_a
Choksi, M
245
_a
The Happy Man's Shirt and other Short Plays
260
_a
New Delhi
_b
Orient Publication
_c
2001
999
_c
2498
_d
2498